Structral design in metals (Record no. 11702)

000 -LEADER
fixed length control field 00502nam a22001937a 4500
001 - CONTROL NUMBER
control field 11702
003 - CONTROL NUMBER IDENTIFIER
control field BD-DhUET
008 - FIXED-LENGTH DATA ELEMENTS--GENERAL INFORMATION
fixed length control field 150218b xxu||||| |||| 00| 0 eng d
040 ## - CATALOGING SOURCE
Original cataloging agency DLC
Transcribing agency DLC
Modifying agency BD-DhUET
082 ## - DEWEY DECIMAL CLASSIFICATION NUMBER
Classification number 624.182
Item number WIL/1957
100 ## - MAIN ENTRY--PERSONAL NAME
Personal name Willims, Clifford D.
245 ## - TITLE STATEMENT
Title Structral design in metals
250 ## - EDITION STATEMENT
Edition statement 2nd ed.
260 ## - PUBLICATION, DISTRIBUTION, ETC. (IMPRINT)
Place of publication, distribution, etc. New York
Name of publisher, distributor, etc. Ronald Press
Date of publication, distribution, etc. 1957
300 ## - PHYSICAL DESCRIPTION
Extent viii, 655 p.
Other physical details ill.
Dimensions 17 cm.
650 #0 - SUBJECT ADDED ENTRY--TOPICAL TERM
Topical term or geographic name as entry element Metals Structural Engg
700 ## - ADDED ENTRY--PERSONAL NAME
Personal name Harris, Ernest C.
942 ## - ADDED ENTRY ELEMENTS (KOHA)
Koha item type General Book
Holdings
Not for loan Source of classification or shelving scheme Lost status Price effective from Sublocation or collection (holding branch) Copy number Location (home branch) Date acquired Shelving location Koha full call number Withdrawn status Koha date last seen Koha item type Piece designation (barcode) Damaged status Koha normalized classification for sorting
   2015-02-18Central Library, BUET1Central Library, BUET2015-02-18Circulation section624.182/WIL/1957 2015-02-18General Book61224 624_182000000000000_WIL_1957
   2015-02-18Central Library, BUET2Central Library, BUET2015-02-18Circulation section624.182/WIL/1957 2015-02-18General Book42428 624_182000000000000_WIL_1957
   2015-02-18Central Library, BUET3Central Library, BUET2015-02-18Circulation section624.182/WIL/1957 2015-02-18General Book11560 624_182000000000000_WIL_1957
   2015-02-18Central Library, BUET4Central Library, BUET2015-02-18Circulation section624.182/WIL/1957 2015-02-18General Book61147 624_182000000000000_WIL_1957
   2015-05-10Central Library, BUET5Central Library, BUET2015-05-10Circulation section624.182/WIL/1957 2015-05-10General Book42357 624_182000000000000_WIL_1957
   2015-05-12Central Library, BUET6Central Library, BUET2015-05-12Circulation section624.182/WIL/1957 2015-05-12General Book11559 624_182000000000000_WIL_1957